| 000 | 00869nam a2200205 i 4500 | ||
|---|---|---|---|
| 001 | 185920 | ||
| 003 | ES-MaACL | ||
| 005 | 20250815112924.0 | ||
| 008 | 160823s1930 sp |||| | spa d | ||
| 245 | 0 | 0 |
_aGran Enciclopedia de Química Industrial teórica, práctica y analítica por los más eminentes químicos y directores de industrias de Alemania / _cdirectores, F. Stohmann, Bruno Kerl... [et al.] ; traducida... de la última edición alemana y refundida con sus Suplementos. |
| 260 |
_aBarcelona : _bFrancisco Seix, _c[1930] |
||
| 300 |
_a13 v. : _bil. ; _c27 cm. |
||
| 594 | _aPrecede al título: Química de Muspratt. | ||
| 650 | 0 | 7 |
_aQuímica industrial _2embne _916636 |
| 700 | 1 |
_aStohmann, F. _9160550 |
|
| 700 | 1 |
_aKerl, Bruno. _9160551 |
|
| 700 | 1 |
_aMuspratt, James Sheridan. _9160552 |
|
| 852 |
_aES-MaACL _jC-12793-805 |
||
| 999 |
_c185920 _d185920 |
||